Quizzes
Events
Quiz Creation
Community
Videos
Private Events
Remove Ads
Sign In
Join for FREE
Feedback
Dark Mode
Quiz Categories
Sports
Geography
Music
Movies
Television
Just For Fun
Miscellaneous
History
Literature
Language
Science
Gaming
Entertainment
Religion
Holiday
For Kids
Quiz Lab
Recent
Popular Today
Quiz Kudos Today
Editor Picks
Curator Picks
Quizzes by...
Day
Popularity
Type
Ratings
Length
Year
Community
Subscriptions
Recent Discussions
Orange Saloon
Badges
Playlists
Quests
Create
Leaderboards
Showdown
Live 5
Trivia Bingo
Activity
Puzzle Library
Sporcle Events
Private Events
Virtual Trivia
Globe League
Become a Host
Pub Owners
SporcleCon
Opinionation
Our Games
Videos
Blog
Mobile Apps
Partnerships
Remove Ads and Go Orange
Feedback
Sports
Athletes
MLB
NBA
NHL
NFL
Soccer
Sports Teams
WWE
NCAA
Football
Premier League
Basketball
Baseball
Hockey
Golf
Tennis
Cricket
Rugby
Auto Racing
Olympics
World Cup
Sports
Athletes
MLB
NBA
NHL
NFL
Soccer
Sports Teams
WWE
NCAA
Football
Premier League
Basketball
Baseball
Hockey
Golf
Tennis
Cricket
Rugby
Auto Racing
Olympics
World Cup
Random Quiz
Search Sporcle
×
Quiz Lab
Quiz Lab
Sports
NFL
Type in answers that appear in a list
Type in answers that appear in a list
Classic
Best Score? Go Orange.
NFL Alma Maters Stats
Can you name the NFL Alma Maters of these Quarterbacks?
By
larejo123
10m
43 Questions
1,403 Plays
1,403 Plays
1,403 Plays
Comments
Comments
Give Quiz Kudos
Give Quiz Kudos
-
- Ratings
hide this ad
Forced Order
Answers have to be entered in order
Answers have to be entered in order
Replay
Link that replays current quiz
Next Quiz
Link to next quiz in quiz playlist
You Got
0%
They Got
Avg Score
72%
Avg Friend Score
Upgrade to see
Score Distribution
Jump to the score distribution portion of the page
Score
0/43
Timer
10:00
0
Plays Today
Player
College
% Correct
Tom Brady
Michigan
98.1%
Peyton Manning
Tennessee
96.8%
Mark Sanchez
USC
94.8%
Vince Young
Texas
94.6%
Eli Manning
Mississippi
93.8%
Michael Vick
Virginia Tech
92.4%
Matthew Stafford
Georgia
92.1%
Aaron Rodgers
California
91.9%
Carson Palmer
USC
91.7%
Drew Brees
Purdue
91.7%
Matt Ryan
Boston College
91.3%
Ben Roethlisberger
Miami (OH)
90.6%
Ryan Fitzpatrick
Harvard
89.9%
Joe Flacco
Delaware
89.4%
Matt Leinart
USC
89.1%
JaMarcus Russell
LSU
88.8%
Philip Rivers
NC State
87.5%
Brady Quinn
Notre Dame
85.3%
Alex Smith
Utah
85.3%
Brett Favre
Southern Mississippi
83.5%
Donovan McNabb
Syracuse
82.9%
Jay Cutler
Vanderbilt
82.7%
Player
College
% Correct
Chad Henne
Michigan
78.8%
Tony Romo
Eastern Illinois
76.6%
Matt Cassell
USC
74.7%
Chad Pennington
Marshall
70.4%
Jason Campbell
Auburn
67%
Byron Leftwich
Marshall
66.9%
Josh Freeman
Kansas State
66.2%
Kyle Orton
Purdue
61.4%
Kurt Warner
Northern Iowa
60.5%
Kerry Collins
Penn State
58.3%
Matt Schaub
Virginia
58.1%
Matthew Hasselbeck
Boston College
53.8%
Trent Edwards
Stanford
49.4%
Daunte Culpepper
Central Florida
45.6%
Kellen Clemens
Oregon
39%
Derek Anderson
Oregon State
38.7%
Marc Bulger
West Virginia
38.3%
David Garrard
East Carolina
36.8%
Bruce Gradkowski
Toledo
32.4%
Tarvaris Jackson
Alabama State
26.3%
Jake Delhomme
Louisiana-Lafayette
26.3%
Quiz Playlist
Details
Report
Send in Message
Add To Playlist
Classic:
Type in answers that appear in a list
Forced Order:
Answers have to be entered in order
Quiz Source
Last Updated: Feb 22, 2019
Quiz Scoreboard
CHALLENGE
Sign Up to Join the Scoreboard
Show All
Scores
Hide
Comments
May contain spoilers
Recently Published
1-10 Letter E Words III
by El_Dandy
Language
2m
One Thing in Common: World Cities II
by knightlancer
Geography
7m
Popular People in 1961
by mucciniale
History
6m
More to Explore
Quiz From the Vault
Featured Blog Post
Where Did the Easter Bunny Come From?
hide this ad
You Might Also Like...
Tags
College Quiz
NFL Quiz
Alma Maters
Mater
Player
Quarterbacks
team
Today's Top Quizzes in Sports
Browse Sports
hide this ad
Today's Top Quizzes in NFL
Browse NFL
Top Contributed Quizzes in Sports
1
Les meilleurs buteurs des matchs entre le PSG et l’OM
2
Les entraîneurs de l'OM et du PSG au 21e siècle
3
2022 World Cup Stars
4
FIFA Club World Cup Champions
5
Name the Premier League winners with different clubs
6
La finale Lions - Afrique du Sud 2021
7
Criteria MLB: Left Handed Sluggers
8
Players with Multiple 50 Home Run Seasons
9
MLB Players with Two .350 Batting Average Seasons
10
MLB Hall of Famer by Rings
Explore More
Trending Topics
Anime
Disney
Marvel
NBA
Harry Potter
Kpop
Crossword
The Office
Song
Country
NFL
Soccer
Puzzle
WWE
Pokémon
hide this ad
More By:
larejo123
Quiz
Plays
Rating
Category
Featured
Created
Duke/UNC Alums in NBA
4,521
4.20
Sports
Dec 2, 2009
NFL Alma Maters
1,403
4.60
Sports
Dec 8, 2009
Yankees Between W.S. Appearances (2004-08)
867
2.67
Sports
Nov 25, 2009
Go to Creator's Profile
Score Distribution
Quiz Creator Spotlight
larejo123
Follow
Send a Message
Quizzes Created
-
Created Quiz Play Count
-
More By This Creator
Popular Quizzes Today
1
Find the US States - No Outlines Minefield
2
The Countries of the World
3
Find the Countries of Europe - No Outlines Minefield
4
Popular People in 1961
5
1-10 Letter E Words III
6
Find the US States
7
One Thing in Common: World Cities II
8
US States
More Sports Quizzes
Champions League goalscorers: Brazil (2000s)
Quiz Lab
Trending Quizzes
Risky Map Clicking: Least Populous States A-Z
1-10 Letter F Words
1-10 Letter G Words
One Thing in Common: United Kingdom
Risky Map Clicking: Next State Alphabetically
Recently Updated
Leaping Animals
pecheneg
Reality TV Shows (A-Z)
bhenderson79
Rickey Henderson's Hall of Fame Teammates
pecheneg
Champions League XIs: Arsenal
pecheneg
Quick Pick: Celebrities in WWE's Hall of Fame
aduchscher
A-Z Keypad Blitz II
pecheneg
Multiple Oscar Actors
pecheneg
Mystery Phrase Blitz: Oscar 'Best Actors'
pecheneg
F. Scott Fitzgerald Novels
LTH
Pick 3 Villains
ddd62291
Trending Topics
Harry Potter
Anime
NBA
Kpop
Marvel
Disney
Crossword
Pokémon
NFL
The Office
Puzzle
Country
Soccer
WWE
Song
Your Account Isn't Verified!
In order to create a playlist on Sporcle, you need to verify the email address you used during registration. Go to your
Sporcle Settings
to finish the process.
Report this User
Report this user for behavior that violates our
Community Guidelines
.
Details:
Send Report
Go to the Sporcle.com Mobile Site →
Comments